00000000nam 2200000zi 4500
0019.925452
003CaOODSP
00520241203113656
006m     o  d f      
007cr |n|||||||||
008230719e20130322onc     ob   f|0| 0 eng d
040 |aCaOODSP|beng|erda|cCaOODSP
043 |an-cn---
0861 |aEn4-573/2013E-PDF
24510|aAudit of corporate accountability and administrative renewal, and internal control over financial reporting / |cprepared by the Audit and Evaluation Team.
264 1|a[Ottawa] : |bEnvironment Canada = Environnement Canada, |cMarch 22, 2013.
300 |a1 online resource (i, 13 pages)
336 |atext|btxt|2rdacontent
337 |acomputer|bc|2rdamedia
338 |aonline resource|bcr|2rdacarrier
500 |aDigitized edition from print [produced by Environment and Climate Change Canada].
504 |aIncludes bibliographical references.
61010|aCanada. |bEnvironnement Canada.
650 0|aCorporate governance|zCanada|xAuditing.
650 6|aGouvernement d'entreprise|zCanada|xAudit.
7101 |aCanada. |bEnvironment Canada, |eissuing body.
85640|qPDF|s1.27 MB|uhttps://publications.gc.ca/collections/collection_2024/eccc/en4/En4-573-2013-eng.pdf
61010|aCanada. |bEnvironment Canada.